[Event "ESP-ch FEDC 26th"]
[Site "Ciudad Real"]
[Date "2017.11.14"]
[Round "3.12"]
[White "Mendez Manturano, Miguel Eduardo"]
[Black "Menendez Solar, Jose Carlos"]
[Result "0-1"]
[WhiteElo "1700"]
[BlackElo "1833"]
[PlyCount "60"]
[EventDate "2017.11.12"]
[EventType "swiss"]
[EventRounds "8"]
[EventCountry "ESP"]
[SourceTitle "EXT 2024"]
[Source "ChessBase"]
[SourceDate "2023.10.10"]
[SourceVersion "1"]
[SourceVersionDate "2023.10.10"]
[SourceQuality "1"]

1. Nc3 e6 2. e4 d5 3. d4 Nf6 4. e5 Nfd7 5. f4 c5 6. Nce2 Nc6 7. c3 Qb6 8. Nf3 f6 9. h4 fxe5 10. fxe5 cxd4 11. cxd4 Bb4+ 12. Bd2 0-0 13. a3 Be7 14. b4 Ndxe5 15. dxe5 Nxe5 16. Ned4 Ng4 17. Bd3 e5 18. Bxh7+ Kh8 19. Qe2 Kxh7 20. Ng5+ Kg8 21. Qd3 e4 22. Qc3 Bf6 23. Rf1 Qxd4 24. Qxd4 Bxd4 25. Rxf8+ Kxf8 26. Rc1 Bb6 27. Ke2 Bd7 28. Rf1+ Kg8 29. Rf7 Bb5+ 30. Ke1 Rf8 0-1

[Event "Almunecar FEDC op 19th"]
[Site "Almunecar"]
[Date "2017.10.04"]
[Round "5.4"]
[White "Menendez Solar, Jose Carlos"]
[Black "Mondelo Fidalgo, Antonio"]
[Result "1-0"]
[WhiteElo "1809"]
[BlackElo "1705"]
[PlyCount "65"]
[EventDate "2017.09.30"]
[EventType "swiss"]
[EventRounds "7"]
[EventCountry "ESP"]
[SourceTitle "EXT 2024"]
[Source "ChessBase"]
[SourceDate "2023.10.10"]
[SourceVersion "1"]
[SourceVersionDate "2023.10.10"]
[SourceQuality "1"]

1. d4 d5 2. Nf3 c6 3. Bf4 Nf6 4. Nbd2 e6 5. e3 Be7 6. Ne5 0-0 7. Bd3 c5 8. c3 b6 9. Qf3 Nbd7 10. Qh3 Bb7 11. g4 g6 12. Qg2 Ne8 13. h4 Nxe5 14. Bxe5 Bd6 15. f4 f6 16. Bxd6 Nxd6 17. 0-0-0 cxd4 18. exd4 Qc7 19. f5 Qf7 20. fxe6 Qxe6 21. Rde1 Qf7 22. Qg3 Rad8 23. Rhf1 Rfe8 24. Rxe8+ Nxe8 25. g5 f5 26. h5 Ng7 27. hxg6 hxg6 28. Nf3 Ne6 29. Rh1 Qg7 30. Ne5 Kf8 31. Rh6 Qc7 32. Nxg6+ Kg7 33. Qh4 1-0

[Event "Almunecar FEDC op 17th"]
[Site "Almunecar"]
[Date "2016.10.01"]
[Round "7"]
[White "Lopez Perez, Angel Luis"]
[Black "Menendez Solar, Jose Carlos"]
[Result "1/2-1/2"]
[WhiteElo "1741"]
[BlackElo "1771"]
[PlyCount "28"]
[EventDate "2016.09.25"]
[EventType "swiss"]
[EventRounds "7"]
[EventCountry "ESP"]
[SourceTitle "EXT 2017"]
[Source "ChessBase"]
[SourceDate "2016.10.25"]
[SourceVersion "1"]
[SourceVersionDate "2016.10.25"]
[SourceQuality "1"]

1. d4 Nf6 2. c4 c5 3. e3 g6 4. Nf3 Bg7 5. Bd2 0-0 6. Bd3 d6 7. Bc3 Nc6 8. 0-0 Bd7 9. Nbd2 Rc8 10. Rc1 Qb6 11. a3 a6 12. d5 Nd8 13. h3 e5 14. e4 Nh5 1/2-1/2

[Event "Almunecar FEDC op 17th"]
[Site "Almunecar"]
[Date "2016.09.26"]
[Round "2"]
[White "Menendez Solar, Jose Carlos"]
[Black "Gutierrez Garcia, Julio"]
[Result "1-0"]
[WhiteElo "1771"]
[BlackElo "1591"]
[PlyCount "45"]
[EventDate "2016.09.25"]
[EventType "swiss"]
[EventRounds "7"]
[EventCountry "ESP"]
[SourceTitle "EXT 2017"]
[Source "ChessBase"]
[SourceDate "2016.10.25"]
[SourceVersion "1"]
[SourceVersionDate "2016.10.25"]
[SourceQuality "1"]

1. d4 d5 2. c4 c6 3. Nf3 Nf6 4. Qc2 e6 5. e3 Nbd7 6. Nc3 dxc4 7. Bxc4 a6 8. a4 Bb4 9. 0-0 b6 10. e4 Bb7 11. e5 Nd5 12. Ne4 h6 13. Ba2 Be7 14. Bd2 c5 15. Rad1 cxd4 16. Nxd4 Rc8 17. Qd3 Nxe5 18. Qg3 Ng6 19. Nxe6 fxe6 20. Qxg6+ Kf8 21. Bc3 Rg8 22. Qxe6 Rc6 23. Qxd5 1-0

[Event "Linares FEDC-ch 24th"]
[Site "Linares"]
[Date "2014.11.18"]
[Round "3"]
[White "Melero Marti, Hector"]
[Black "Menendez Solar, Jose Carlos"]
[Result "1/2-1/2"]
[WhiteElo "1537"]
[BlackElo "1758"]
[PlyCount "60"]
[EventDate "2014.11.16"]
[EventType "swiss"]
[EventRounds "8"]
[EventCountry "ESP"]
[SourceTitle "CBM 163 Extra"]
[Source "ChessBase"]
[SourceDate "2014.12.23"]
[SourceVersion "1"]
[SourceVersionDate "2014.12.23"]
[SourceQuality "1"]

1. e4 e6 2. d4 d5 3. Nd2 Nf6 4. e5 Nfd7 5. Bd3 c5 6. c3 Nc6 7. Ne2 cxd4 8. cxd4 f6 9. exf6 Nxf6 10. Nf3 Bd6 11. Nc3 0-0 12. 0-0 a6 13. Bg5 Qc7 14. Bh4 Nh5 15. Ne2 g6 16. Rc1 Qg7 17. Ng3 Nf4 18. Ne2 Nh3+ 19. Kh1 Qh6 20. Bg3 Nf4 21. Nxf4 Bxf4 22. Bxf4 Qxf4 23. Be2 Bd7 24. Rc2 Kg7 25. Qd2 Qd6 26. a3 Rf6 27. Qe3 Raf8 28. Kg1 Rf4 29. Rd2 Re4 30. Qc3 Qf4 1/2-1/2

[Event "ESP-ch blind 22nd"]
[Site "Benidorm"]
[Date "2010.11.16"]
[Round "3"]
[White "Sanchez Ruiz, Justo"]
[Black "Menendez Solar, Jose Carlos"]
[Result "1-0"]
[WhiteElo "1772"]
[BlackElo "1888"]
[PlyCount "55"]
[EventDate "2010.11.14"]
[EventType "swiss"]
[EventRounds "8"]
[EventCountry "ESP"]
[SourceTitle "CBM 139 Extra"]
[Source "ChessBase"]
[SourceDate "2011.01.05"]
[SourceVersion "1"]
[SourceVersionDate "2011.01.05"]
[SourceQuality "1"]

1. e4 e6 2. d4 d5 3. e5 c5 4. c3 Nc6 5. Nf3 Bd7 6. a3 c4 7. Nbd2 Na5 8. g3 Bc6 9. h4 h5 10. Bh3 Qd7 11. Ng5 g6 12. 0-0 Nh6 13. Re1 0-0-0 14. Rb1 Ba4 15. Qf3 Be7 16. b4 cxb3 17. Bb2 b5 18. Qf4 Nc4 19. Nxc4 bxc4 20. Re3 Rdf8 21. Rf3 Nf5 22. Re1 f6 23. exf6 Rxf6 24. Qe5 Re8 25. Nxe6 Bd8 26. Rxf5 Rfxe6 27. Rf7 Rxe5 28. Bxd7+ 1-0

[Event "ESP-ch blind 22nd"]
[Site "Benidorm"]
[Date "2010.11.14"]
[Round "1"]
[White "Martinez Perez, Carlos"]
[Black "Menendez Solar, Jose Carlos"]
[Result "0-1"]
[WhiteElo "1619"]
[BlackElo "1888"]
[PlyCount "56"]
[EventDate "2010.11.14"]
[EventType "swiss"]
[EventRounds "8"]
[EventCountry "ESP"]
[SourceTitle "CBM 139 Extra"]
[Source "ChessBase"]
[SourceDate "2011.01.05"]
[SourceVersion "1"]
[SourceVersionDate "2011.01.05"]
[SourceQuality "1"]

1. e4 c5 2. Nf3 e6 3. Nc3 a6 4. d4 cxd4 5. Nxd4 Qc7 6. Be2 Nf6 7. 0-0 Bb4 8. Qd3 0-0 9. a3 Be7 10. f4 d6 11. Qd1 Nc6 12. Be3 Rd8 13. Nf3 d5 14. exd5 Nxd5 15. Nxd5 Rxd5 16. Bd3 Bf6 17. Rb1 b5 18. Qe1 Bb7 19. Qe2 Rad8 20. Rfd1 e5 21. fxe5 Nxe5 22. Bf4 Qb6+ 23. Kh1 Nxf3 24. gxf3 Bc6 25. c3 Qb7 26. Be4 Rxd1+ 27. Rxd1 Rxd1+ 28. Qxd1 Bxe4 0-1

[Event "Collado Villalba op-A 27th"]
[Site "Collado Villalba"]
[Date "2010.08.27"]
[Round "8"]
[White "Menendez Solar, Jose Carlos"]
[Black "Rodriguez Gomez, Vicente"]
[Result "1-0"]
[WhiteElo "1865"]
[BlackElo "2026"]
[PlyCount "111"]
[EventDate "2010.08.20"]
[EventType "swiss"]
[EventRounds "10"]
[EventCountry "ESP"]
[SourceTitle "CBM 138 Extra"]
[Source "ChessBase"]
[SourceDate "2010.10.29"]
[SourceVersion "1"]
[SourceVersionDate "2010.10.29"]
[SourceQuality "1"]

1. d4 d5 2. c4 e6 3. Nc3 Nf6 4. cxd5 exd5 5. Bg5 Be7 6. Qc2 c6 7. e3 Nbd7 8. Bd3 h6 9. Bh4 0-0 10. Nge2 Ne8 11. Bg3 Ndf6 12. f3 Nd6 13. e4 dxe4 14. fxe4 Ng4 15. Bf4 Bg5 16. Qd2 f5 17. e5 Bxf4 18. Nxf4 Ne4 19. Nxe4 fxe4 20. Bxe4 Bf5 21. Bxf5 Rxf5 22. 0-0-0 Nxe5 23. Qe3 Nf7 24. g4 Rb5 25. Rde1 Qd6 26. Rhf1 Rd8 27. Ne6 Re8 28. Rxf7 Rxe6 29. Rxg7+ Kxg7 30. Qxe6 Qf4+ 31. Kb1 Rd5 32. Qe7+ Qf7 33. Qxf7+ Kxf7 34. Re4 h5 35. h3 hxg4 36. hxg4 Kf6 37. Kc2 c5 38. Kc3 b6 39. Kc4 Rd7 40. dxc5 Rd2 41. Kc3 Rg2 42. cxb6 axb6 43. a4 Rg1 44. Kb4 Rg3 45. Kc4 Rg2 46. b3 Rg3 47. b4 Ra3 48. Kb5 Ra1 49. Rc4 Kg5 50. Rc6 Kxg4 51. Kxb6 Kf5 52. Rd6 Ke5 53. Rd2 Rh1 54. a5 Rh8 55. a6 Ke6 56. a7 1-0

[Event "Collado Villalba op-A 27th"]
[Site "Collado Villalba"]
[Date "2010.08.25"]
[Round "6"]
[White "Velasco Garcia, Jorge Juan"]
[Black "Menendez Solar, Jose Carlos"]
[Result "1-0"]
[WhiteElo "1910"]
[BlackElo "1865"]
[PlyCount "87"]
[EventDate "2010.08.20"]
[EventType "swiss"]
[EventRounds "10"]
[EventCountry "ESP"]
[SourceTitle "CBM 138 Extra"]
[Source "ChessBase"]
[SourceDate "2010.10.29"]
[SourceVersion "1"]
[SourceVersionDate "2010.10.29"]
[SourceQuality "1"]

1. d4 c6 2. c4 f5 3. Nc3 Nf6 4. g3 d6 5. Bg2 Qc7 6. e4 e5 7. Nge2 fxe4 8. Nxe4 Nxe4 9. Bxe4 Nd7 10. Nc3 Nf6 11. Bg2 Bf5 12. d5 Be7 13. dxc6 bxc6 14. Nb5 cxb5 15. Bxa8 Qxc4 16. b3 Qc3+ 17. Bd2 Qd3 18. Bc6+ Kf7 19. Qe2 Rb8 20. Bf3 Qd4 21. Rc1 e4 22. Bg2 Nd5 23. 0-0 Qb2 24. Bxe4 Bxe4 25. Qxe4 Qxd2 26. Rfe1 Qg5 27. Qe6+ Kf8 28. h4 Qh5 29. Rcd1 Qf7 30. Rxd5 Qxe6 31. Rxe6 a6 32. Rf5+ Ke8 33. Kg2 Kd7 34. Re2 Bf6 35. Kf3 Rf8 36. Ke4 Re8+ 37. Kd3 Rxe2 38. Kxe2 Ke6 39. Rh5 h6 40. Kd3 d5 41. f4 Kd6 42. g4 Kc5 43. g5 hxg5 44. fxg5 1-0

[Event "ESP-chT1 Once"]
[Site "Fuengirola"]
[Date "2009.11.24"]
[Round "3.3"]
[White "Menendez Solar, Jose Carlos"]
[Black "Espadina Solano, Jaime E"]
[Result "1-0"]
[WhiteElo "1844"]
[BlackElo "1879"]
[PlyCount "57"]
[EventDate "2009.11.22"]
[EventType "team-tourn"]
[EventRounds "7"]
[EventCountry "ESP"]
[SourceTitle "CBM 133 Extra"]
[Source "ChessBase"]
[SourceDate "2010.01.05"]
[SourceVersion "1"]
[SourceVersionDate "2010.01.05"]
[SourceQuality "1"]

1. e4 c5 2. Nf3 d6 3. d4 cxd4 4. Nxd4 Nf6 5. Nc3 g6 6. f3 Bg7 7. Be3 Nc6 8. Bc4 0-0 9. Qd2 Bd7 10. 0-0-0 Rc8 11. Bb3 Ne5 12. h4 Nc4 13. Bxc4 Rxc4 14. h5 Nxh5 15. g4 Nf6 16. Bh6 Bxh6 17. Rxh6 Kg7 18. Rdh1 Rh8 19. Nd5 Ng8 20. Nf5+ Bxf5 21. exf5 Nxh6 22. Qxh6+ Kg8 23. Re1 f6 24. Nxe7+ Kf7 25. fxg6+ hxg6 26. Qxg6+ Kf8 27. Qxf6+ Ke8 28. Nc6+ Kd7 29. Nxd8 1-0